La corte del Buen Retiro (Record no. 153682)

MARC details
000 -LEADER
campo de control de longitud fija 00886nam a2200181 i 4500
001 - NÚMERO DE CONTROL
campo de control 153682
003 - IDENTIFICADOR DE NÚMERO DE CONTROL
campo de control ES-MaACL
005 - FECHA Y HORA DE LA ÚLTIMA TRANSACCIÓN
campo de control 20240515063119.0
008 - DATOS DE LONGITUD FIJA--INFORMACIÓN GENERAL
campo de control de longitud fija 950922s1837 sp |||| | spa d
040 ## - FUENTE DE CATALOGACIÓN
Centro catalogador/agencia de origen CAM
Lengua de catalogación spa
Centro/agencia transcriptor CAM
100 1# - ENTRADA PRINCIPAL--NOMBRE DE PERSONA
Nombre de persona Escosura, Patricio de la,
Fechas asociadas al nombre 1807-1878
9 (RLIN) 47617
245 13 - MENCIÓN DEL TÍTULO
Título La corte del Buen Retiro
Resto del título : drama histórico en cinco actos /
Mención de responsabilidad, etc. escrito en verso por Patricio de la Escosura.
260 ## - PUBLICACIÓN, DISTRIBUCIÓN, ETC.
Lugar de publicación, distribución, etc. Madrid :
Nombre del editor, distribuidor, etc. [s.n.],
Fecha de publicación, distribución, etc. 1837 (
Fabricante Imprenta de los hijos de Catalina Piñuela)
300 ## - DESCRIPCIÓN FÍSICA
Extensión 112 p. ;
Dimensiones 18 cm.
852 ## - LOCALIZACIÓN
Ubicación ES-MaACL
Número de control de estantería D-1760(10)
Nota libre -- Enc. hol.
-- -- Legado de Modesto de la Fuente
condición física -- Falto de la port. y de la cub. original
852 ## - LOCALIZACIÓN
Ubicación ES-MaACL
Número de control de estantería F-8625(8)
Nota libre .- Enc. pasta española
condición física .- Falto de la cub. original
Nota libre .- Enc. en un vol. facticio formando parte de la col. facticia "Teatro español moderno", vol. 80
Holdings
Estatus retirado Estado de pérdida Estado de daño No para préstamo Colección Biblioteca de origen Biblioteca actual Ubicación en estantería Fecha de adquisición Fuente de adquisición Total de préstamos Signatura topográfica completa Código de barras Visto por última vez Precio de reemplazo Tipo de ítem Koha
        Libros del s. XIX Biblioteca del Ateneo de Madrid Biblioteca del Ateneo de Madrid Sala Pecera Planta 2 28/01/2010     F-8625(8) 1182527 23/02/2023 23/02/2023 Libro impreso antiguo
        Libros del s. XIX Biblioteca del Ateneo de Madrid Biblioteca del Ateneo de Madrid Sala Valle Inclán 17/01/2008     D-1760(10) 901160663 23/02/2023 23/02/2023 Libro impreso antiguo